书目信息 |
| 题名: |
人口原理 附:人口原理概观
|
|
| 作者: | 马尔萨斯 著 | |
| 分册: | ||
| 出版信息: | 北京 商务印书馆 1992.10 |
|
| 页数: | 202页 | |
| 开本: | 32开 | |
| 丛书名: | ||
| 单 册: | ||
| 中图分类: | C924.24 | |
| 科图分类: | ||
| 主题词: | 人口调查--世界 , 人口--研究--世界 | |
| 电子资源: | ||
| ISBN: | 7-100-02211-8 | |
| 000 | 00624nam0 2200205 45 | |
| 001 | 0009142166 | |
| 005 | 20000914211949.9 | |
| 010 | @a7-100-02211-8@d9.70元 | |
| 100 | @a20000914d1992 km y0chiy0120 ea | |
| 101 | 0 | @achi |
| 105 | @a z 000yy | |
| 200 | 1 | @a人口原理 附:人口原理概观@ARen Kou Yuan Li Fu:Ren Kou Yuan Li Gai Guan@f(英)马尔萨斯 著@F(Ying)Ma Er Sa Si Zhu |
| 210 | @a北京@c商务印书馆@d1992.10 | |
| 215 | @a202页@d32开 | |
| 606 | 0 | @a人口调查@x世界 |
| 606 | 0 | @a人口@x研究@x世界 |
| 690 | @aC924.24@v3 | |
| 701 | 0 | @a马尔萨斯@4著 |
| 801 | @aCN@bPftUser@c20000914 | |
| 905 | @b143005-009@dC924.24@eM755@f5 | |
| 人口原理 附:人口原理概观/(英)马尔萨斯 著.-北京:商务印书馆,1992.10 |
| 202页;32开 |
| ISBN 7-100-02211-8:9.70元 |
| ● |
| 相关链接 |
|
|
|
正题名:人口原理附:人口原理概观
索取号:C924.24/M755
 
预约/预借
| 序号 | 登录号 | 条形码 | 馆藏地/架位号 | 状态 | 备注 |
| 1 | 143005 | 201430059 | 社科库509/509社科库 63排1列3层/ [索取号:C924.24/M755] | 在馆 | |
| 2 | 143006 | 201430068 | 社科库509/509社科库 63排1列3层/ [索取号:C924.24/M755] | 在馆 | |
| 3 | 143007 | 201430077 | 社科库509/509社科库 63排1列3层/ [索取号:C924.24/M755] | 在馆 | |
| 4 | 143008 | 201430086 | 社科库509/509社科库 63排1列3层/ [索取号:C924.24/M755] | 在馆 | |
| 5 | 143009 | 201430095 | 社科库509/509社科库 63排1列3层/ [索取号:C924.24/M755] | 在馆 |